000
00304nam a22001337a 4500
008
190304b xxu||||| |||| 00| 0 eng d
020
_a
9780803622647
041
_a
eng
080
_2
2nd
_a
610.73
100
_a
2
101
_a
INF
245
_a
Fundamentals of Nursing
_c
Wilkinson,J.M
942
_2
udc
_c
BK
999
_c
54400
_d
54400